000 00592nam a2200205Ia 4500
003 OSt
005 20230317114933.0
008 210423s2017 xx 000 0 und d
040 _cAL
041 _aeng
082 _a158.1
_223
_bSUKM
100 _aSUKHABODHANANDA (Swami)
_976124
245 _aManaging life creatively: mother and son a unique life journey
260 _aBangalore
_bPCLM
_c2017
300 _axxvii,284
_bPB
365 _b350
_cINR
650 _aApplied Psychology
_976125
906 _acreatively: ; journey ; life ; Managing ; mother ; son ; unique
942 _2ddc
_cBK
999 _c168635
_d168635